Dolgozók és parasztdolgozók általános iskolája nyílik meg a Szegedi "Klauzál Gábor" általános iskolában
Elmentve itt :
| Dokumentumtípus: | Cikk |
|---|---|
| Megjelent: |
1948-02-01
|
| Sorozat: | Délmagyarország
|
| Kulcsszavak: | Dolgozók iskolája Szeged 1948 |
| Online Access: | http://dmarchiv.bibl.u-szeged.hu/51874 |
| LEADER | 00490nab a2200145 i 4500 | ||
|---|---|---|---|
| 001 | delm51874 | ||
| 005 | 20180927134753.0 | ||
| 008 | 180927s1948 hu o 0|| hun d | ||
| 040 | |a SZTE Délmagyarország Archívum |b hun | ||
| 041 | |a hun | ||
| 245 | 0 | 0 | |a Dolgozók és parasztdolgozók általános iskolája nyílik meg a Szegedi "Klauzál Gábor" általános iskolában |h [elektronikus dokumentum] |
| 260 | |c 1948-02-01 | ||
| 300 | |a 2 | ||
| 490 | 0 | |a Délmagyarország | |
| 695 | |a Dolgozók iskolája Szeged 1948 | ||